Statistics for Biggest European Cities by Letter - C

Click here to take the quiz!

General Stats

  • This quiz has been taken 169 times
    (78 since last reset)
  • The average score is 8 of 18

Answer Stats

PopulationCountryAnswer% Correct
1,020,465DenmarkCopenhagen
93%
1,027,846GermanyCologne
89%
669,694MoldovaChisinau
81%
521,711United KingdomCardiff
72%
303,047RomaniaCluj Napoca
54%
301,589ItalyCatania
49%
204,150BelgiumCharleroi
47%
328,704SpainCordoba
47%
325,499United KingdomCoventry
44%
1,145,675RussiaChelyabinsk
44%
297,503RomaniaConstanta
40%
241,240GermanyChemnitz
33%
293,567RomaniaCraiova
18%
217,614SpainCartagena
16%
462,669RussiaCheboksary
11%
290,269UkraineChernihiv
11%
255,084UkraineChernivtsi
9%
234,472PolandCzestochowa
9%

Score Distribution

Percentile by Number Answered

Percent of People with Each Score

Your Score History

You have not taken this quiz since the last reset